000 00302 a2200145 4500
001 180058
020 _a
040 _cMagnum
100 _aRomanelli, Liliane Izapovitz
240 1 0 _aCatando feijao
_lpor
245 1 0 _aCatando feijao
362 0 _a1899
697 _aMAGNITO: I/GERAL
942 _cBK
999 _c180058
_d180058